Financial Accounting for Business Managers (Record no. 1762)

MARC details
000 -LEADER
fixed length control field 00433nam a22001697a 4500
005 - DATE AND TIME OF LATEST TRANSACTION
control field 20180607143848.0
008 - FIXED-LENGTH DATA ELEMENTS--GENERAL INFORMATION
fixed length control field 160526b xxu||||| |||| 00| 0 eng d
020 ## - INTERNATIONAL STANDARD BOOK NUMBER
ISBN 81-203-3013-7
041 ## - LANGUAGE CODE
Language code of text/sound track or separate title eng
082 ## - DEWEY DECIMAL CLASSIFICATION NUMBER
Item number 5034
Classification number 657
100 ## - MAIN ENTRY--AUTHOR NAME
Personal name Bhattacharya, Asish K.
245 ## - TITLE STATEMENT
Title Financial Accounting for Business Managers
260 ## - PUBLICATION, DISTRIBUTION, ETC. (IMPRINT)
Place of publication New Delhi
Name of publisher Academic Faundation
300 ## - PHYSICAL DESCRIPTION
Number of Pages 732
650 ## - SUBJECT ADDED ENTRY--TOPICAL TERM
Topical Term Management
942 ## - ADDED ENTRY ELEMENTS (KOHA)
Koha item type Books
Holdings
Lost status Damaged status Collection code Home library Current library Shelving location Date acquired Cost, normal purchase price Full call number Accession Number Koha item type
    MANAGEMENT JRU Library JRU Library SHELF-71-H 26/05/2016 325.00 657 5034 Books
    MANAGEMENT JRU Library JRU Library SHELF-71-H 26/05/2016 325.00 657 5035 Books
    MANAGEMENT JRU Library JRU Library SHELF-71-H 26/05/2016 325.00 657 5036 Books
    LAW JRU Library   SHELF-32-C 26/05/2016 325.00 657 5037 Books
    MANAGEMENT JRU Library JRU Library SHELF-71-H 26/05/2016 325.00 657 5038 Books
      JRU Library   SHELF-70 B 26/05/2016 325.00 657 5039 Books
    MANAGEMENT JRU Library JRU Library SHELF-71-H 26/05/2016 325.00 657 5040 Books
    Reference JRU Library   SHELF-28-G 26/05/2016 325.00 657 5041 Books
    MANAGEMENT JRU Library JRU Library SHELF-28-F 26/05/2016 325.00 657 5042 Books
    MANAGEMENT JRU Library JRU Library SHELF-71-H 26/05/2016 325.00 657 5043 Books